Do 11 de Setembro à crise do Iraque (Record no. 46165)
[ view plain ]
| 000 -Etiqueta do registo | |
|---|---|
| Valores | 00686cam a2200253 4500 |
| 010 ## - Número ISBN | |
| ISBN | 9722512838 |
| 021 ## - Número do Depósito Legal | |
| Número | 189127/03 |
| 100 ## - Dados gerais de processamento | |
| Dados gerais | 20030606d2003 m y0pory5003 ba |
| 101 0# - Língua de publicação | |
| Língua | por |
| 102 ## - País de publicação | |
| País | PT |
| 200 1# - Titulo e menção de responsabilidade | |
| Título próprio | Do 11 de Setembro à crise do Iraque |
| Primeira menção de responsabilidade | Diogo Freitas do Amaral |
| 205 ## - Menção da edição | |
| Edição | 2.ª ed. |
| 210 #9 - Publicação | |
| Local de publicação | Lisboa |
| Nome do editor | Bertrand, |
| Data de publicação | 2003 |
| 215 ## - Descrição física | |
| Paginação / Volumes | 109 p. |
| Dimensões | 23 cm |
| 225 2# - Colecção | |
| Título próprio da colecção | Ensaios e documentos |
| 675 ## - CDU | |
| Notação | 323.2(73)"2001/2002"(046) |
| 675 ## - CDU | |
| Notação | 327(73)"2001/2002"(046) |
| 675 ## - CDU | |
| Notação | 327.5(567)"2001/2002"(046) |
| 700 #1 - Autor principal | |
| Apelido | Amaral, |
| Nome | Diogo Freitas do, |
| Datas | 1941-2019 |
| 702 #1 - Autor secundário | |
| Apelido | Lages, |
| Nome | Margarida |
| Função | 550 |
| 801 ## - Fonte de origem | |
| País | PT |
| Regras de catalogação | RPC |
| 990 ## - Elementos KOHA | |
| Tipo de documento | Livro |
| Aquisição | Empréstimo | Código de barras | Cota | Permissão de empréstimo | Tipo de documento |
|---|---|---|---|---|---|
| Biblioteca Escolar Doutor Hernâni Cidade | Biblioteca Escolar Doutor Hernâni Cidade | 83048 | 327 AMA POLIT. INT. | Livro |